| 000 | 00000nam 2200000za 4500 |
| 001 | 9.604324 |
| 003 | CaOODSP |
| 005 | 20250828100052 |
| 007 | cr ||||||||||| |
| 008 | 150406|1995||||xxc|||||o f|0| 0 fre d |
| 022 | |a1205-9161 |
| 040 | |aCaOODSP|bfre |
| 043 | |an-cn--- |
| 086 | 1 |aCS11-0019/86F-PDF |
| 100 | 1 |aBaldwin, John R. |q(John Russel) |
| 245 | 00|aL'utilisation de la technologie, la formation et les connaissance spécifiques dans les établissements de fabrication / |h[ressource électronique]|cpar John R et al. Baldwin, Tara Gray et Joanne Johnson. |
| 260 | |aOttawa - Ontario : |bStatistique Canada |cDécembre 1995. |
| 300 | |a37p.|bfigures (certaines en couleur), graphique, références, tableaux |
| 490 | 1 |aDocuments de recherche - Direction des études analytiques|x1205-9161|vN° 86 |
| 520 | 3 |aLa présente étude traite des facteurs qui influent sur la décision de l'entreprise de former le personnel à la lumière des données de plusieurs enquêtes récentes de Statistique Canada, qui portaient sur l'utilisation des technologies de pointe dans les entreprises de fabrication canadiennes.--Résumé |
| 590 | |a12-34-Supp|b2012-07-31 |
| 691 | 07|aTechnologie|2gcpds |
| 691 | 07|aIndustrie de transformation|2gcpds |
| 710 | 2 |aStatistique Canada. |
| 775 | 08|tTechnology use, training and plant-specific knowledge in manufacturing establishments / |w(CaOODSP)9.574582 |
| 776 | 0#|tL'utilisation de la technologie, la formation et les connaissance spécifiques dans les établissements de fabrication / |w(CaOODSP)9.623609 |
| 830 | #0|aDocuments de recherche (Statistique Canada. Direction des études analytiques)|x1205-9161|vN° 86|w(CaOODSP)9.500842 |
| 856 | 40|ahttp://publications.gc.ca|qPDF|s138 Ko|uhttps://publications.gc.ca/collections/Collection/CS11-0019-86F.pdf|yN° 86 |